00334nam a2200157Ia 4500003000900000008004100009040001300050040001300063245002900076245001100105250001300116260001100129300000800140490000600148600002200154IT-RoPAU120407s9999 xx 000 0 und d aIT-RoPAU cIT-RoPAU aLa Sacra Bibbia - Indici cAA.VV. aFirenze  aSalani c cm v1 auna copia a parte